Countries by Population 2060 - Statistics

General Stats
  • This quiz has been taken 29 times
  • The average score is 26 of 30
Answer Stats
Population Country % Correct
1,147,956,000 China
100%
1,700,692,000 India
100%
322,569,000 Indonesia
100%
397,912,000 Nigeria
100%
412,440,000 Pakistan
100%
390,970,000 United States of America
100%
211,464,000 Brazil
96%
174,240,000 Egypt
96%
149,920,000 Mexico
96%
133,059,000 Russia
96%
108,522,000 Vietnam
96%
222,854,000 Bangladesh
93%
258,964,000 Ethiopia
89%
75,732,000 Germany
89%
98,477,000 Japan
89%
76,572,000 United Kingdom
89%
264,246,000 Democratic Republic of the Congo
85%
101,110,000 Iran
85%
91,204,000 Kenya
85%
135,078,000 Philippines
85%
89,045,000 Turkey
85%
83,253,000 South Africa
81%
155,463,000 Tanzania
81%
97,982,000 Sudan
74%
96,992,000 Uganda
74%
89,714,000 Afghanistan
70%
80,100,000 Iraq
70%
89,819,000 Angola
67%
74,107,000 Mozambique
59%
81,650,000 Yemen
37%
No matching quizzes found
Score Distribution
Percent of People with Each Score
Percentile by Number Answered
Your Score History
You have not taken this quiz